000 00332nam a2200133 a 4500
008 110107s1974|||| d
245 1 0 _aO základných princípoch výstavby strany
100 1 _aMarx, Karol
700 1 _aEngels, Fridrich
260 _bPravda
_aBratislava
_c1974
020 _c12
044 _axo
_cSK
041 _aslo
999 _c15559
_d15559